| 000 | 00492nam a2200181Ia 4500 | ||
|---|---|---|---|
| 008 | 240925s9999 xx 000 0 und d | ||
| 020 | _a195068696 | ||
| 082 | _a911.54 SCH | ||
| 100 | _aNot - Available | ||
| 245 | 2 | _aA Historical Atlas of South Asia | |
| 250 | _aNA | ||
| 260 |
_aNew York: _bOxford University Press _c,1992. |
||
| 300 |
_axiii,673p. _bNA _fOriginal |
||
| 500 | _aIncludes Index | ||
| 600 | _aHumanities & Natural Science | ||
| 650 | _aGeography and travel | ||
| 942 | _cBK | ||
| 999 |
_c2836 _d2836 |
||